000
00345nam a2200145Ia 4500
008
221030s9999 xx 000 0 und d
020
_a
8185749248
041
_a
English
100
_a
A. P. Verma
245
0
_a
Operations Research
_c
by A. P. Verma
260
_b
Katson
_a
New Delhi
_c
2016
300
_a
1184
650
_a
Computers
942
_c
BK
999
_c
17260
_d
17260